000 00301 a2200121 4500
000 nam a22 7a 4500
005 20260130122647.0
020 _a9781835359969
100 _aSamuel Mccarthy
_91112940
245 _aHealth and Counseling Psychology
260 _bEdtech Press
_c2026
942 _cTEXL
999 _c1678419
_d1678419